| 000 | 00492nam a22001697a 4500 | ||
|---|---|---|---|
| 999 |
_c478514 _d478514 |
||
| 003 | NUST | ||
| 005 | 20180601071725.0 | ||
| 008 | 180601b ||||| |||| 00| 0 eng d | ||
| 020 | _a9780470859032 | ||
| 038 | _aSNS Library | ||
| 082 | _a543 | ||
| 100 |
_aFrancis Rouessac and Annick Rouessac _910737 |
||
| 245 |
_aChemical Analysis _bModern Instrumentation Methods and Techniques _cFrancis Rouessac and Annick Rouessac |
||
| 260 |
_aIndia _bWiley _c2007 |
||
| 300 | _a574 | ||
| 942 |
_2ddc _cBK |
||